00393nam a2200109 4500008004100000082001600041110003500057245007000092260005200162300004100214650002800255240113b |||||||| |||| 00| 0 eng d a305.23bUNI aUnited Nations Children's fund aNational survey on emerging issues among adolescents in Sri Lanka aColombo:bUnited Nations Children's fund,c2004 axviii, 112 p.bBibliography included aAdolescents - Sri Lanka